[Event "ODJM B 2025"]
[Site "Willingen GER"]
[Date "2025.06.08"]
[Round "2"]
[White "Kutz, Paul Matti"]
[Black "Wolf, Helena"]
[Result "0-1"]
[Termination "normal"]
[Board "13"]
[WhiteElo "1838"]
[BlackElo "1702"]
[WhiteClock "00:14:12"]
[BlackClock "00:07:23"]
[PlyCount "116"]
[WhiteFideId "16296265"]
[BlackFideId "34671030"]
[EventCountry "GER"]
[EventRounds "9"]
[EventType "swiss"]
[EventDate "2025.06.07"]

1. e4 {[%clk 01:30:59]} c5 {[%clk 01:30:53]} {[%emt 00:00:08]} 2. Nf3 {[%clk
01:31:14]} {[%emt 00:00:15]} d6 {[%clk 01:31:15]} {[%emt 00:00:08]} 3. d4
{[%clk 01:31:15]} {[%emt 00:00:29]} cxd4 {[%clk 01:31:37]} {[%emt 00:00:08]} 4.
Nxd4 {[%clk 01:31:39]} {[%emt 00:00:07]} Nf6 {[%clk 01:32:01]} {[%emt
00:00:05]} 5. Nc3 {[%clk 01:31:51]} {[%emt 00:00:18]} g6 {[%clk 01:32:11]}
{[%emt 00:00:20]} 6. Bf4 {[%clk 01:26:45]} {[%emt 00:05:36]} e5 {[%clk
01:26:26]} {[%emt 00:06:14]} 7. Bg5 {[%clk 01:25:21]} {[%emt 00:01:54]} exd4
{[%clk 01:25:21]} {[%emt 00:01:35]} 8. Qxd4 {[%clk 01:22:24]} {[%emt 00:03:28]}
Bg7 {[%clk 01:20:53]} {[%emt 00:04:57]} 9. Bb5+ {[%clk 01:14:03]} {[%emt
00:08:52]} Bd7 {[%clk 01:16:39]} {[%emt 00:04:43]} 10. Bxd7+ {[%clk 01:10:40]}
{[%emt 00:03:53]} Nbxd7 {[%clk 01:15:18]} {[%emt 00:01:51]} 11. Qxd6 {[%clk
01:09:10]} {[%emt 00:02:00]} Qb6 {[%clk 01:12:11]} {[%emt 00:03:36]} 12. O-O-O
{[%clk 01:04:31]} {[%emt 00:05:09]} Qxd6 {[%clk 00:42:48]} {[%emt 00:29:54]}
13. Rxd6 {[%clk 01:04:53]} {[%emt 00:00:09]} h6 {[%clk 00:39:13]} {[%emt
00:04:04]} 14. Bxf6 {[%clk 01:03:36]} {[%emt 00:01:48]} Nxf6 {[%clk 00:36:45]}
{[%emt 00:02:58]} 15. f4 {[%clk 00:57:15]} {[%emt 00:06:50]} Rd8 {[%clk
00:27:26]} {[%emt 00:09:48]} 16. Nb5 {[%clk 00:52:41]} {[%emt 00:05:06]} Ke7
{[%clk 00:18:13]} {[%emt 00:09:42]} 17. e5 {[%clk 00:40:06]} {[%emt 00:13:05]}
Nd5 {[%clk 00:15:57]} {[%emt 00:02:44]} 18. g3 {[%clk 00:36:22]} {[%emt
00:04:16]} a6 {[%clk 00:12:25]} {[%emt 00:04:02]} 19. Rxd8 {[%clk 00:35:18]}
{[%emt 00:01:34]} Rxd8 {[%clk 00:12:07]} {[%emt 00:00:47]} 20. Nd6 {[%clk
00:31:51]} {[%emt 00:03:58]} b6 {[%clk 00:10:35]} {[%emt 00:02:02]} 21. Rd1
{[%clk 00:18:19]} {[%emt 00:14:02]} Nb4 {[%clk 00:07:49]} {[%emt 00:03:15]} 22.
a3 {[%clk 00:17:36]} {[%emt 00:01:14]} Nc6 {[%clk 00:08:04]} {[%emt 00:00:14]}
23. Rd3 {[%clk 00:16:39]} {[%emt 00:01:27]} f6 {[%clk 00:07:17]} {[%emt
00:01:18]} 24. Rc3 {[%clk 00:13:38]} {[%emt 00:03:31]} Na7 {[%clk 00:03:59]}
{[%emt 00:03:48]} 25. Rc7+ {[%clk 00:13:04]} {[%emt 00:01:04]} Rd7 {[%clk
00:03:15]} {[%emt 00:01:14]} 26. Rxa7 {[%clk 00:12:08]} {[%emt 00:01:26]} Rxa7
{[%clk 00:03:34]} {[%emt 00:00:11]} 27. Nc8+ {[%clk 00:12:25]} {[%emt
00:00:13]} Kd7 {[%clk 00:03:48]} {[%emt 00:00:15]} 28. Nxa7 {[%clk 00:12:10]}
{[%emt 00:00:46]} Kc7 {[%clk 00:04:09]} {[%emt 00:00:10]} 29. e6 {[%clk
00:11:37]} {[%emt 00:01:03]} Bf8 {[%clk 00:04:30]} {[%emt 00:00:08]} 30. a4
{[%clk 00:10:15]} {[%emt 00:01:52]} Kb7 {[%clk 00:04:37]} {[%emt 00:00:22]} 31.
Nb5 {[%clk 00:10:13]} {[%emt 00:00:33]} axb5 {[%clk 00:04:58]} {[%emt
00:00:10]} 32. axb5 {[%clk 00:10:31]} {[%emt 00:00:11]} Kc7 {[%clk 00:05:24]}
{[%emt 00:00:04]} 33. Kd2 {[%clk 00:09:24]} {[%emt 00:01:36]} Kd6 {[%clk
00:05:44]} {[%emt 00:00:11]} 34. Kd3 {[%clk 00:09:19]} {[%emt 00:00:35]} Kxe6
{[%clk 00:05:56]} {[%emt 00:00:18]} 35. Kc4 {[%clk 00:09:25]} {[%emt 00:00:24]}
Bc5 {[%clk 00:06:03]} {[%emt 00:00:23]} 36. b4 {[%clk 00:09:23]} {[%emt
00:00:33]} Bg1 {[%clk 00:06:20]} {[%emt 00:00:12]} 37. h3 {[%clk 00:09:41]}
{[%emt 00:00:11]} Bh2 {[%clk 00:06:41]} {[%emt 00:00:09]} 38. Kd4 {[%clk
00:09:24]} {[%emt 00:00:47]} Bxg3 {[%clk 00:06:39]} {[%emt 00:00:33]} 39. c4
{[%clk 00:09:18]} {[%emt 00:00:36]} Bf2+ {[%clk 00:06:38]} {[%emt 00:00:31]}
40. Ke4 {[%clk 00:09:35]} {[%emt 00:00:12]} f5+ {[%clk 00:05:48]} {[%emt
00:01:21]} 41. Kf3 {[%clk 00:09:45]} {[%emt 00:00:20]} Bd4 {[%clk 00:05:32]}
{[%emt 00:00:45]} 42. h4 {[%clk 00:09:46]} {[%emt 00:00:30]} h5 {[%clk
00:05:34]} {[%emt 00:00:28]} 43. Ke2 {[%clk 00:09:55]} {[%emt 00:00:21]} Kd6
{[%clk 00:04:54]} {[%emt 00:01:10]} 44. Kd3 {[%clk 00:10:00]} {[%emt 00:00:25]}
Bf2 {[%clk 00:04:54]} {[%emt 00:00:29]} 45. c5+ {[%clk 00:09:50]} {[%emt
00:00:41]} bxc5 {[%clk 00:05:09]} {[%emt 00:00:16]} 46. Kc4 {[%clk 00:10:02]}
{[%emt 00:00:18]} cxb4 {[%clk 00:05:25]} {[%emt 00:00:13]} 47. Kxb4 {[%clk
00:10:23]} {[%emt 00:00:09]} Kc7 {[%clk 00:05:33]} {[%emt 00:00:23]} 48. Ka5
{[%clk 00:10:46]} {[%emt 00:00:06]} Kb7 {[%clk 00:05:37]} {[%emt 00:00:26]} 49.
Kb4 {[%clk 00:11:08]} {[%emt 00:00:08]} Bxh4 {[%clk 00:05:46]} {[%emt
00:00:21]} 50. Kc5 {[%clk 00:11:31]} {[%emt 00:00:08]} Bg3 {[%clk 00:06:03]}
{[%emt 00:00:13]} 51. Kd5 {[%clk 00:11:50]} {[%emt 00:00:10]} Bxf4 {[%clk
00:05:59]} {[%emt 00:00:33]} 52. Ke6 {[%clk 00:11:59]} {[%emt 00:00:21]} h4
{[%clk 00:06:07]} {[%emt 00:00:23]} 53. Kf6 {[%clk 00:12:23]} {[%emt 00:00:06]}
g5 {[%clk 00:06:15]} {[%emt 00:00:22]} 54. Kg6 {[%clk 00:12:42]} {[%emt
00:00:10]} h3 {[%clk 00:06:37]} {[%emt 00:00:09]} 55. b6 {[%clk 00:13:03]}
{[%emt 00:00:10]} h2 {[%clk 00:06:49]} {[%emt 00:00:17]} 56. Kxf5 {[%clk
00:13:26]} {[%emt 00:00:06]} h1=Q {[%emt 00:00:22]} 57. Kg4 {[%clk 00:13:48]}
{[%emt 00:00:07]} Qg2+ {[%clk 00:07:11]} {[%emt 00:00:18]} 58. Kh5 {[%clk
00:14:12]} {[%emt 00:00:06]} Qh3+ {[%clk 00:07:23]} {[%emt 00:00:17]} 0-1

[Event "ODJM B 2025"]
[Site "Willingen GER"]
[Date "2025.06.08"]
[Round "2"]
[White "Göb, Franziska"]
[Black "Özkurt, Kaan"]
[Result "1/2-1/2"]
[Termination "normal"]
[Board "14"]
[WhiteElo "1611"]
[BlackElo "1779"]
[WhiteClock "00:00:49"]
[BlackClock "00:05:38"]
[PlyCount "167"]
[WhiteFideId "16293177"]
[BlackFideId "34655182"]
[EventCountry "GER"]
[EventRounds "9"]
[EventType "swiss"]
[EventDate "2025.06.07"]

1. e4 {[%clk 01:30:59]} e6 {[%clk 01:30:56]} {[%emt 00:00:05]} 2. d4 {[%clk
01:31:24]} {[%emt 00:00:04]} d5 {[%clk 01:31:23]} {[%emt 00:00:03]} 3. Nd2
{[%clk 01:31:49]} {[%emt 00:00:04]} c5 {[%clk 01:31:49]} {[%emt 00:00:05]} 4.
Ngf3 {[%clk 01:31:51]} {[%emt 00:00:27]} cxd4 {[%clk 01:31:54]} {[%emt
00:00:26]} 5. exd5 {[%clk 01:31:55]} {[%emt 00:00:26]} Qxd5 {[%clk 01:32:19]}
{[%emt 00:00:05]} 6. Bc4 {[%clk 01:30:52]} {[%emt 00:01:33]} Qd7 {[%clk
01:32:41]} {[%emt 00:00:07]} 7. O-O {[%clk 01:30:17]} {[%emt 00:01:06]} Nc6
{[%clk 01:32:50]} {[%emt 00:00:21]} 8. Nb3 {[%clk 01:29:37]} {[%emt 00:01:10]}
Nf6 {[%clk 01:33:08]} {[%emt 00:00:12]} 9. Nbxd4 {[%clk 01:29:16]} {[%emt
00:00:52]} Nxd4 {[%clk 01:33:26]} {[%emt 00:00:11]} 10. Nxd4 {[%clk 01:29:23]}
{[%emt 00:00:22]} a6 {[%clk 01:33:49]} {[%emt 00:00:08]} 11. c3 {[%clk
01:28:51]} {[%emt 00:01:02]} Qc7 {[%clk 01:32:56]} {[%emt 00:01:23]} 12. Bb3
{[%clk 01:24:44]} {[%emt 00:04:37]} Bd6 {[%clk 01:31:39]} {[%emt 00:01:48]} 13.
h3 {[%clk 01:21:52]} {[%emt 00:03:21]} h6 {[%clk 01:31:28]} {[%emt 00:00:41]}
14. Re1 {[%clk 01:19:33]} {[%emt 00:02:48]} O-O {[%clk 01:28:58]} {[%emt
00:03:00]} 15. Qf3 {[%clk 01:15:21]} {[%emt 00:04:42]} Be5 {[%clk 01:24:48]}
{[%emt 00:04:41]} 16. Qe3 {[%clk 01:08:26]} {[%emt 00:07:24]} Bxd4 {[%clk
01:14:00]} {[%emt 00:11:19]} 17. Qxd4 {[%clk 01:04:45]} {[%emt 00:04:11]} Rd8
{[%clk 01:10:15]} {[%emt 00:04:14]} 18. Qh4 {[%clk 00:56:30]} {[%emt 00:08:45]}
Nd5 {[%clk 01:09:36]} {[%emt 00:01:11]} 19. Qe4 {[%clk 00:52:07]} {[%emt
00:04:51]} b5 {[%clk 01:04:33]} {[%emt 00:05:35]} 20. Bc2 {[%clk 00:46:44]}
{[%emt 00:05:51]} f5 {[%clk 00:48:23]} {[%emt 00:16:40]} 21. Qe2 {[%clk
00:38:39]} {[%emt 00:08:34]} Rd6 {[%clk 00:46:02]} {[%emt 00:02:54]} 22. Qf3
{[%clk 00:31:26]} {[%emt 00:07:40]} Bb7 {[%clk 00:34:46]} {[%emt 00:11:47]} 23.
Qg3 {[%clk 00:26:51]} {[%emt 00:05:04]} Kh8 {[%clk 00:30:38]} {[%emt 00:04:41]}
24. Bd1 {[%clk 00:21:07]} {[%emt 00:06:13]} Qd7 {[%clk 00:21:29]} {[%emt
00:09:39]} 25. Bf3 {[%clk 00:17:46]} {[%emt 00:03:50]} Rd8 {[%clk 00:21:26]}
{[%emt 00:00:34]} 26. Bf4 {[%clk 00:16:02]} {[%emt 00:02:12]} Nxf4 {[%clk
00:21:11]} {[%emt 00:00:46]} 27. Qxf4 {[%clk 00:15:57]} {[%emt 00:00:35]} Bxf3
{[%clk 00:21:09]} {[%emt 00:00:32]} 28. Qxf3 {[%clk 00:16:00]} {[%emt
00:00:28]} Qc6 {[%clk 00:17:03]} {[%emt 00:04:36]} 29. Qxc6 {[%clk 00:14:48]}
{[%emt 00:01:42]} Rxc6 {[%clk 00:17:32]} {[%emt 00:00:01]} 30. Rad1 {[%clk
00:14:53]} {[%emt 00:00:25]} Rcd6 {[%clk 00:16:38]} {[%emt 00:01:24]} 31. Rxd6
{[%clk 00:14:57]} {[%emt 00:00:26]} Rxd6 {[%clk 00:17:07]} {[%emt 00:00:01]}
32. Re2 {[%clk 00:14:25]} {[%emt 00:01:00]} g5 {[%clk 00:17:17]} {[%emt
00:00:22]} 33. f3 {[%clk 00:12:51]} {[%emt 00:02:04]} Kg7 {[%clk 00:17:34]}
{[%emt 00:00:13]} 34. Kf2 {[%clk 00:11:38]} {[%emt 00:01:42]} Kf6 {[%clk
00:17:59]} {[%emt 00:00:07]} 35. b3 {[%clk 00:11:10]} {[%emt 00:00:58]} Rd3
{[%clk 00:17:45]} {[%emt 00:00:44]} 36. Rc2 {[%clk 00:10:36]} {[%emt 00:01:02]}
Ke5 {[%clk 00:14:39]} {[%emt 00:03:37]} 37. Ke2 {[%clk 00:09:51]} {[%emt
00:01:14]} Rd6 {[%clk 00:14:00]} {[%emt 00:01:09]} 38. Ke3 {[%clk 00:09:09]}
{[%emt 00:01:11]} f4+ {[%clk 00:12:07]} {[%emt 00:02:25]} 39. Ke2 {[%clk
00:09:13]} {[%emt 00:00:25]} h5 {[%clk 00:09:30]} {[%emt 00:03:08]} 40. Kf2
{[%clk 00:06:38]} {[%emt 00:03:04]} Rd1 {[%clk 00:09:08]} {[%emt 00:00:52]} 41.
Ke2 {[%clk 00:04:42]} {[%emt 00:02:27]} Rd6 {[%clk 00:08:01]} {[%emt 00:01:37]}
42. Kf2 {[%clk 00:04:57]} {[%emt 00:00:14]} Kf5 {[%clk 00:02:33]} {[%emt
00:05:59]} 43. Ke2 {[%clk 00:28:20]} {[%emt 00:07:07]} e5 {[%clk 00:29:48]}
{[%emt 00:03:15]} 44. c4 {[%clk 00:25:01]} {[%emt 00:03:49]} bxc4 {[%clk
00:30:05]} {[%emt 00:00:13]} 45. Rxc4 {[%clk 00:23:47]} {[%emt 00:01:44]} g4
{[%clk 00:23:26]} {[%emt 00:07:09]} 46. hxg4+ {[%clk 00:21:08]} {[%emt
00:03:08]} hxg4 {[%clk 00:23:50]} {[%emt 00:00:07]} 47. fxg4+ {[%clk 00:15:41]}
{[%emt 00:05:57]} Kxg4 {[%clk 00:24:14]} {[%emt 00:00:05]} 48. Rc8 {[%clk
00:15:18]} {[%emt 00:00:53]} Kf5 {[%clk 00:23:07]} {[%emt 00:01:38]} 49. Rc4
{[%clk 00:11:35]} {[%emt 00:04:11]} e4 {[%clk 00:18:00]} {[%emt 00:05:39]} 50.
Rc5+ {[%clk 00:11:28]} {[%emt 00:00:36]} Kg4 {[%clk 00:18:22]} {[%emt
00:00:08]} 51. Rc8 {[%clk 00:10:30]} {[%emt 00:01:28]} f3+ {[%clk 00:17:44]}
{[%emt 00:01:09]} 52. gxf3+ {[%clk 00:10:11]} {[%emt 00:00:48]} exf3+ {[%clk
00:18:13]} {[%emt 00:00:02]} 53. Kf1 {[%clk 00:09:49]} {[%emt 00:00:51]} Rd1+
{[%clk 00:07:28]} {[%emt 00:11:15]} 54. Kf2 {[%clk 00:10:08]} {[%emt 00:00:12]}
Rd2+ {[%clk 00:07:54]} {[%emt 00:00:03]} 55. Kf1 {[%clk 00:10:27]} {[%emt
00:00:11]} Rxa2 {[%clk 00:08:18]} {[%emt 00:00:07]} 56. Rg8+ {[%clk 00:10:09]}
{[%emt 00:00:47]} Kf4 {[%clk 00:08:42]} {[%emt 00:00:06]} 57. Rf8+ {[%clk
00:10:22]} {[%emt 00:00:16]} Ke4 {[%clk 00:08:03]} {[%emt 00:01:11]} 58. Re8+
{[%clk 00:10:26]} {[%emt 00:00:26]} Kd4 {[%clk 00:08:29]} {[%emt 00:00:04]} 59.
Rd8+ {[%clk 00:05:11]} {[%emt 00:05:45]} Kc5 {[%clk 00:07:56]} {[%emt
00:01:02]} 60. Rd3 {[%clk 00:04:13]} {[%emt 00:01:27]} f2 {[%clk 00:07:14]}
{[%emt 00:01:14]} 61. Re3 {[%clk 00:03:12]} {[%emt 00:01:30]} Kb4 {[%clk
00:07:05]} {[%emt 00:00:40]} 62. Rf3 {[%clk 00:02:47]} {[%emt 00:00:55]} Rb2
{[%clk 00:07:28]} {[%emt 00:00:06]} 63. Rf6 {[%clk 00:01:45]} {[%emt 00:01:31]}
a5 {[%clk 00:07:52]} {[%emt 00:00:08]} 64. Rf5 {[%clk 00:02:04]} {[%emt
00:00:10]} Rxb3 {[%clk 00:06:57]} {[%emt 00:01:26]} 65. Kxf2 {[%clk 00:02:16]}
{[%emt 00:00:17]} a4 {[%clk 00:07:24]} {[%emt 00:00:03]} 66. Rf4+ {[%clk
00:02:32]} {[%emt 00:00:14]} Ka3 {[%clk 00:07:21]} {[%emt 00:00:33]} 67. Ke2
{[%clk 00:02:19]} {[%emt 00:00:43]} Rb5 {[%clk 00:06:41]} {[%emt 00:01:10]} 68.
Kd2 {[%clk 00:02:04]} {[%emt 00:00:46]} Rc5 {[%clk 00:06:55]} {[%emt 00:00:15]}
69. Rf8 {[%clk 00:01:00]} {[%emt 00:01:34]} Ka2 {[%clk 00:05:58]} {[%emt
00:01:28]} 70. Rb8 {[%clk 00:01:00]} {[%emt 00:00:29]} a3 {[%clk 00:05:53]}
{[%emt 00:00:36]} 71. Rb7 {[%clk 00:01:16]} {[%emt 00:00:13]} Ka1 {[%clk
00:05:51]} {[%emt 00:00:32]} 72. Rb3 {[%clk 00:00:43]} {[%emt 00:01:03]} a2
{[%clk 00:05:56]} {[%emt 00:00:26]} 73. Rb8 {[%clk 00:01:03]} {[%emt 00:00:10]}
Rh5 {[%clk 00:05:54]} {[%emt 00:00:31]} 74. Kc2 {[%clk 00:00:53]} {[%emt
00:00:40]} Rh2+ {[%clk 00:06:03]} {[%emt 00:00:22]} 75. Kc1 {[%clk 00:00:52]}
{[%emt 00:00:30]} Rh1 {[%clk 00:06:05]} {[%emt 00:00:28]} 76. Kc2 {[%clk
00:01:19]} {[%emt 00:00:03]} Rb1 {[%clk 00:06:24]} {[%emt 00:00:12]} 77. Ra8
{[%clk 00:01:05]} {[%emt 00:00:43]} Rb7 {[%clk 00:06:07]} {[%emt 00:00:47]} 78.
Rc8 {[%clk 00:01:05]} {[%emt 00:00:29]} Rf7 {[%clk 00:05:49]} {[%emt 00:00:43]}
79. Kc1 {[%clk 00:00:43]} {[%emt 00:00:58]} Rf2 {[%clk 00:05:09]} {[%emt
00:01:10]} 80. Rb8 {[%clk 00:00:54]} {[%emt 00:00:19]} Rf4 {[%clk 00:05:16]}
{[%emt 00:00:24]} 81. Kc2 {[%clk 00:00:36]} {[%emt 00:00:49]} Rc4+ {[%clk
00:05:26]} {[%emt 00:00:18]} 82. Kd1 {[%clk 00:00:39]} {[%emt 00:00:27]} Rc5
{[%clk 00:05:21]} {[%emt 00:00:35]} 83. Rb7 {[%clk 00:00:41]} {[%emt 00:00:29]}
Rc8 {[%clk 00:05:38]} {[%emt 00:00:13]} 84. Rb6 {[%clk 00:00:49]} {[%emt
00:00:21]} 1/2-1/2

[Event "ODJM B 2025"]
[Site "Willingen GER"]
[Date "2025.06.08"]
[Round "2"]
[White "Schächtelin, Jakob"]
[Black "Mai, Maximilian"]
[Result "1-0"]
[Termination "normal"]
[Board "15"]
[WhiteElo "1811"]
[BlackElo "1697"]
[WhiteClock "00:59:50"]
[BlackClock "00:32:59"]
[PlyCount "49"]
[WhiteFideId "34620834"]
[BlackFideId "34628924"]
[EventCountry "GER"]
[EventRounds "9"]
[EventType "swiss"]
[EventDate "2025.06.07"]

1. e4 {[%clk 01:30:56]} {[%emt 00:00:03]} c5 {[%clk 01:30:50]} {[%emt
00:00:11]} 2. Nf3 {[%clk 01:31:21]} {[%emt 00:00:04]} d6 {[%clk 01:31:13]}
{[%emt 00:00:09]} 3. d4 {[%clk 01:31:47]} {[%emt 00:00:04]} cxd4 {[%clk
01:31:38]} {[%emt 00:00:05]} 4. Nxd4 {[%clk 01:32:13]} {[%emt 00:00:03]} Nf6
{[%clk 01:32:00]} {[%emt 00:00:08]} 5. Nc3 {[%clk 01:32:40]} {[%emt 00:00:03]}
a6 {[%clk 01:31:42]} {[%emt 00:00:49]} 6. Bg5 {[%clk 01:33:02]} {[%emt
00:00:06]} e6 {[%clk 01:30:54]} {[%emt 00:01:19]} 7. f4 {[%clk 01:33:27]}
{[%emt 00:00:05]} Be7 {[%clk 01:28:41]} {[%emt 00:02:44]} 8. Qf3 {[%clk
01:33:52]} {[%emt 00:00:05]} Nbd7 {[%clk 01:19:06]} {[%emt 00:10:05]} 9. O-O-O
{[%clk 01:33:14]} {[%emt 00:01:06]} O-O {[%clk 01:09:10]} {[%emt 00:10:27]} 10.
g4 {[%clk 01:31:05]} {[%emt 00:02:38]} Ne8 {[%clk 01:05:05]} {[%emt 00:04:36]}
11. Bxe7 {[%clk 01:28:57]} {[%emt 00:02:38]} Qxe7 {[%clk 01:05:26]} {[%emt
00:00:09]} 12. Rg1 {[%clk 01:27:13]} {[%emt 00:02:13]} Nc7 {[%clk 01:03:14]}
{[%emt 00:02:43]} 13. g5 {[%clk 01:25:29]} {[%emt 00:02:14]} b5 {[%clk
01:02:32]} {[%emt 00:01:12]} 14. Rg3 {[%clk 01:22:17]} {[%emt 00:03:41]} Bb7
{[%clk 01:01:18]} {[%emt 00:01:46]} 15. f5 {[%clk 01:20:39]} {[%emt 00:02:07]}
f6 {[%clk 00:59:25]} {[%emt 00:02:23]} 16. fxe6 {[%clk 01:17:33]} {[%emt
00:03:36]} Ne5 {[%clk 00:56:14]} {[%emt 00:03:42]} 17. Qh5 {[%clk 01:15:10]}
{[%emt 00:02:53]} Qe8 {[%clk 00:49:08]} {[%emt 00:07:36]} 18. Qh4 {[%clk
01:12:06]} {[%emt 00:03:33]} Ng6 {[%clk 00:42:20]} {[%emt 00:07:18]} 19. Qg4
{[%clk 01:08:35]} {[%emt 00:04:01]} Bc8 {[%clk 00:37:48]} {[%emt 00:05:03]} 20.
gxf6 {[%clk 01:05:11]} {[%emt 00:03:53]} Rxf6 {[%clk 00:36:47]} {[%emt
00:01:31]} 21. Nd5 {[%clk 01:04:09]} {[%emt 00:01:32]} Nxd5 {[%clk 00:36:05]}
{[%emt 00:01:13]} 22. exd5 {[%clk 01:04:31]} {[%emt 00:00:07]} Rf4 {[%clk
00:34:46]} {[%emt 00:01:49]} 23. Qh5 {[%clk 01:01:48]} {[%emt 00:03:12]} Rh4
{[%clk 00:34:17]} {[%emt 00:01:00]} 24. Qg5 {[%clk 01:01:24]} {[%emt 00:00:53]}
Qe7 {[%clk 00:32:59]} {[%emt 00:01:50]} 25. Nf5 {[%clk 00:59:50]} {[%emt
00:02:02]} 1-0

[Event "ODJM B 2025"]
[Site "Willingen GER"]
[Date "2025.06.08"]
[Round "2"]
[White "Kaufmann, Ben"]
[Black "Stülcken, Philipp"]
[Result "1-0"]
[Termination "normal"]
[Board "16"]
[WhiteElo "1801"]
[BlackElo "1780"]
[WhiteClock "00:39:20"]
[BlackClock "00:50:07"]
[PlyCount "51"]
[WhiteFideId "34687068"]
[BlackFideId "12986232"]
[EventCountry "GER"]
[EventRounds "9"]
[EventType "swiss"]
[EventDate "2025.06.07"]

1. e4 {[%clk 01:30:59]} e5 {[%clk 01:30:52]} {[%emt 00:00:09]} 2. Nf3 {[%clk
01:31:24]} {[%emt 00:00:05]} Nc6 {[%clk 01:31:14]} {[%emt 00:00:07]} 3. Bb5
{[%clk 01:31:50]} {[%emt 00:00:04]} a6 {[%clk 01:31:33]} {[%emt 00:00:12]} 4.
Ba4 {[%clk 01:32:12]} {[%emt 00:00:08]} Nf6 {[%clk 01:31:48]} {[%emt 00:00:14]}
5. O-O {[%clk 01:32:33]} {[%emt 00:00:09]} Be7 {[%clk 01:31:11]} {[%emt
00:01:08]} 6. Re1 {[%clk 01:32:51]} {[%emt 00:00:11]} b5 {[%clk 01:31:15]}
{[%emt 00:00:27]} 7. Bb3 {[%clk 01:33:16]} {[%emt 00:00:05]} d6 {[%clk
01:30:45]} {[%emt 00:01:00]} 8. h3 {[%clk 01:31:58]} {[%emt 00:01:48]} O-O
{[%clk 01:29:46]} {[%emt 00:01:28]} 9. c3 {[%clk 01:31:14]} {[%emt 00:01:14]}
Na5 {[%clk 01:29:33]} {[%emt 00:00:44]} 10. Bc2 {[%clk 01:31:11]} {[%emt
00:00:32]} c5 {[%clk 01:29:52]} {[%emt 00:00:11]} 11. d4 {[%clk 01:27:37]}
{[%emt 00:04:05]} Qc7 {[%clk 01:30:10]} {[%emt 00:00:12]} 12. d5 {[%clk
01:23:52]} {[%emt 00:04:15]} c4 {[%clk 01:28:36]} {[%emt 00:02:04]} 13. Nbd2
{[%clk 01:21:31]} {[%emt 00:02:51]} Nb7 {[%clk 01:27:40]} {[%emt 00:01:26]} 14.
Nf1 {[%clk 01:17:04]} {[%emt 00:04:57]} Re8 {[%clk 01:25:36]} {[%emt 00:02:34]}
15. Ng3 {[%clk 01:13:40]} {[%emt 00:03:54]} Nc5 {[%clk 01:23:11]} {[%emt
00:02:55]} 16. a4 {[%clk 01:10:06]} {[%emt 00:04:04]} Bd7 {[%clk 01:21:26]}
{[%emt 00:02:15]} 17. axb5 {[%clk 01:08:58]} {[%emt 00:01:38]} axb5 {[%clk
01:19:45]} {[%emt 00:02:12]} 18. Be3 {[%clk 01:07:44]} {[%emt 00:01:43]} Bf8
{[%clk 01:16:55]} {[%emt 00:03:19]} 19. Qd2 {[%clk 01:02:07]} {[%emt 00:06:07]}
g6 {[%clk 01:11:56]} {[%emt 00:05:29]} 20. Bh6 {[%clk 01:00:08]} {[%emt
00:02:29]} Bg7 {[%clk 01:08:46]} {[%emt 00:03:40]} 21. Qg5 {[%clk 00:56:31]}
{[%emt 00:04:08]} Reb8 {[%clk 01:00:58]} {[%emt 00:08:18]} 22. h4 {[%clk
00:46:16]} {[%emt 00:10:45]} Ne8 {[%clk 00:59:36]} {[%emt 00:01:52]} 23. Bxg7
{[%clk 00:45:05]} {[%emt 00:01:41]} Kxg7 {[%clk 00:55:48]} {[%emt 00:04:18]}
24. Nh5+ {[%clk 00:39:20]} {[%emt 00:06:15]} Kh8 {[%clk 00:49:54]} {[%emt
00:06:23]} 25. Qh6 {[%clk 00:39:11]} {[%emt 00:00:40]} f6 {[%clk 00:50:07]}
{[%emt 00:00:17]} 26. Qf8# {[%clk 00:39:20]} {[%emt 00:00:20]} 1-0